000 00375nam a2200181Ia 4500
005 20240823011317.0
008 240823s9999||||xx |||||||||||||| ||und||
041 _aENGLISH
082 _A823
100 _a"Schaefer,Jack"
245 0 _aShane
250 _a1st
260 _b"Corgi,L"
500 _aYES
650 _aGeneral
_bGeneral
942 _cBK
999 _c161154
_d161154